03518njm a2200517Ia 450000100060000000300090000600500170001500800410003204000130007304000130008604100130009910000110011210000180012310000380014124500270017925000110020626000110021726000680022830000100029650000820030650502980038865000460068670000600073270001150079270001070090770001130101470001450112770000940127270000860136670000700145270001030152270000920162570001160171770000840183370000920191770000890200970000830209870000910218170000910227270000910236370001060245470000970256070000980265770001150275570001300287025661IT-RoPAU20220918181120.0131025s9999 xx 000 0 und d aIT-RoPAU cIT-RoPAU aITALIANO aAA.VV. eAutore musica gCodice autore musica SPICS: 12000 aUna gita a li castelli a1a ed. aMILANO bJOKER - W. GURTLERc1972 [1a Ed.:1972 - Ed. Lingua Orig.: 1972] aDISCO aCanzone italiana. Canzone popolare folk romanesca. Castelli romani. Stornelli aNannì-Una gita a li castelli - Come è bello fa l'amore quanno è sera - Serenata sincera - Passione romana - Madonna dell'angeli - Lupo de fiume - Vecchia Roma - Pupo biondo - Me pizzica me mozzica - Casa mia-Casetta de Trastevere - Quanno er sole de Roma... Lascia li sette colli - Nonna aFOLK [DISCHI]eCodice MATERIA SPICS: 9950 aAmici AlvarogCodice interprete SPICS: 7854eInterprete aSilvestri FrancogCodice autore testo/musica SPICS: 13543eAutore testo/musicapNannì-Una gita a li castelli aSimi GinogCodice autore musica SPICS: 13456eAutore musicapCome è bello fa l'amore quanno è sera aNeri EnniogCodice autore SPICS: 13457eAutorepCome è bello fa l'amore quanno è sera - Serenata sincera aMartelli AugustogCodice autore testo/musica SPICS: 11006eAutore testo/musicapCome è bello fa l'amore quanno è sera - Serenata sincera aDerevitsky AlessandrogCodice autore musica SPICS: 13617eAutore musicapSerenata sincera aBalzani RomologCodice autore musica SPICS: 13637eAutore musicapPassione romana aLupigCodice autore SPICS: 16134eAutorepPassione romana - Nonna aBalilla Pratella F.gCodice autore testo/musica SPICS: 16132eAutore testo/musicapPassione romana aMicheli GiuseppegCodice autore musica SPICS: 13556eAutore musicapMadonna dell'angeli aRossi Carlo Alberto (Cicero)gCodice autore testo/musica SPICS: 13130eAutore testo/musicapMadonna dell'angeli aBalzani RomologCodice autore musica SPICS: 13637eAutore musicapLupo de fiume aCeccarelligCodice autore testo/musica SPICS: 16133eAutore testo/musicapLupo de fiume aRuccione MariogCodice autore testo/musica SPICS: 13479eAutore musicapVecchia Roma aFagiolo MauriziogCodice autore musica SPICS: 6842eAutore musicapPupo biondo aLai FrancisgCodice autore testo/musica SPICS: 10971eAutore testo/musicapPupo biondo aManfredi NinogCodice autore musica SPICS: 11556eAutore musicapMe pizzica me mozzica aDe Angelis MauriziogCodice autore SPICS: 10855eAutorepMe pizzica me mozzica - Nonna aDe Angelis GuidogCodice autore testo/musica SPICS: 10854eAutore testo/musicapMe pizzica me mozzica aSimeone M.gCodice autore musica SPICS: 15527eAutore musicapCasa mia-Casetta de Trastevere aDe Torres Ferrante AlvarogCodice autore SPICS: 13636eAutorepCasa mia-Casetta de Trastevere aDel Pelo AlfredogCodice autore testo/musica SPICS: 13542eAutore testo/musicapCasa mia-Casetta de Trastevere aAlfieri AmletogCodice autore testo/musica SPICS: 13722eAutore testo/musicapQuanno er sole de Roma... Lascia li sette colli